000 00416nam a2200145 i 4500
001 84862
003 ES-MaACL
007 t|
008 041124s1923 fr ||||1| fre d
100 1 _aJoleaud, L.
_966792
245 1 0 _aElements de Paléontologie /
_cpar L. Joleaud.
260 _aParis :
_bArmand Colin,
_c1923 (
_eCoulommiers :
_fPaul Brodard)
300 _a2 v. :
_bil. ;
_c17 cm.
852 _aES-MaACL
_jB-2831-32
999 _c84862
_d84862